Diary of a Wimpy Kid Characters - Statistics

General Stats
  • This quiz has been taken 176 times
  • The average score is 16 of 94
Answer Stats
Hint Answer % Correct
His older brother Rodrick
97%
Main character Greg Heffley
96%
His younger brother Manny
94%
His mother Susan
90%
His father Frank
83%
Mothers mother Gramma
49%
Main characters best friend Rowley Jefferson
48%
Outcast who has some weird habits. Possibly crazy Fregley
42%
Main characters unrequited crush Holly Hills
39%
Fathers father Grandpa
37%
Teenager who was hated by main characters father until he was sent to boot cam Lenwood Heath
35%
Rival who main character threw apples at during the school play Patty Farrell
32%
Parent of main characters grandmother. Is dead Meemaw
31%
His youngest brother (of the father and uncle) Gary
29%
Friend who main character played an invisibility prank on Chirag Gupta
28%
Her older sister Heather
28%
Unofficial head of the family Gammie
24%
Main characters uncle Joe
22%
Parent of main characters grandmother. Is still alive Peepaw
22%
Main characters oldest aunt on mothers side of family Cakey
21%
Wild kids who live in the woods Mingo kids
20%
Main characters great uncle (secret weapon) Charlie
19%
Snella son Shawn
19%
Most popular kid in main characters grade Bryce Anderson
17%
Uncle who never goes to family gatherings in person Lawrence
17%
Weird girl who bites people Ruby Bird
16%
Schoolmate who constantly spouts bizarre rumours Albert Sandy
15%
Aunt who believes in psychic stuff Audra
15%
Aunt that kisses main character on the lips Dorothy
15%
Löded Diper bassist Drew
15%
Youngest of main character's mother's sisters Gretchen
15%
Non relative who shows up to the events Larry
15%
Main character's P.E teacher Mr Underwood
15%
Snella son Scott
15%
Girl who attends slacksville middle school Sophie Mack
14%
Aunt who also never goes to family gatherings in person Veronica
14%
Family whom get into a conflict with main character and their family during the long haul Beardo
13%
Pop singer who is the idol of main characters best friend Joshie
13%
The first principle of the main characters middle school Larry Mack
13%
Löded Diper guitarist Mackie
13%
Main character always forget to write thank you letters for her Reba
13%
Snella son Seth
13%
Cousin who at first could only say 'No!' and 'Shut up!' Benjy
10%
35 year old guitarist that is idolized by main characters brother Bill Walter
10%
Girl who acts like a vampire Evelyn Trimble
10%
Classmate who was made fun off for the way his name was displayed Preston Mudd
10%
His father Robert
10%
Man whose main characters family accidentally goes to the funeral of Robert Law
10%
Fictional (in their universe) character with long nails Silas Scratch
10%
Löded Diper security man who joins the band Ward
10%
Girl who goes to the valentine's day dance with main character but ends up dating his best friend instead to make her ex jealous Abigail Brown
9%
Great uncle that only speaks in grunts Arthur
9%
minor character who works in a donut shop Beckie
9%
Boy who started the fabled 'cheese touch' Darren Walsh
8%
1st child of previous Malvin
8%
Main drummer of Metallichihuahua Sebastian Sleeves
8%
Friend who pulls his pants all the way down when using the toilet/urinal Tyson Sanders
8%
Main guitarist of Metallichihuahua Warwick Sprinter
8%
Last person to get the first cheese touch. He moved to California Abe Hall
7%
Main antagonist of 'The Deep End' Juicebox
7%
2nd child of previous Malcolm
7%
Name he gives for his grandfather Bampy
6%
Her deceased husband Chester
6%
Brother who gets into fights with other brother constantly Darren Woodley
6%
8th grader who also runs an illegal homework ring Erick Glick
6%
Girl whose little brother was asked to be babysat by main character Laurel Stringer
6%
Other brother Marcus
6%
Main characters history teacher who also taught his brother Mr Huff
6%
Snella son Sam
6%
First grader in best friends karate class Scotty Douglas
6%
Snella son Shane
6%
Fathers second cousin who looked identical to main character Terrence
6%
Main characters father's bosses family Warren
6%
Her little brother Wesley
6%
Cousin who has had a loose tooth for years Georgia
5%
Woman who main character did a poor job of mowing her lawn Mrs Canfield
5%
Main singer of Metallichihuahua Stewart Taylor Jr.
5%
7th grader who hates middle school, works for the school newspaper and only appears in the films Angie Steadman
4%
Main characters mother's cousin from California Gerald
4%
Leader of the teenagers who attacked the main character on Halloween Pete Hosey
4%
Main characters adopted uncle (who is younger then him) Cecil
3%
Friend who main character used as a mosquito magnet Christopher Brownfield
3%
Replacement friend for main characters best friend Collin Lee
3%
8th grader who runs an illegal homework ring Dennis Denard
3%
Hasn't said a word since second grade (apparently) Edward Mealey
3%
She managed to attain lots of money through suing a hotel Martina
3%
Next door neighbour of main characters grandmother Mrs McNeil
3%
Rude little girl who only appears in the films Taylor Pringle
3%
Second guitarist of Metallichihuahua Wayne Barnes
3%
His mother Linda
2%
Soccer player who missed an empty net goal 20 years prior to the events of the main books Anthony Grow
1%
Classmate Emilio Mendoza
1%
Son of principle Larry Mack Jnr.
1%
Next door neighbour of main characters best friend Mrs Monroe
1%
No matching quizzes found
Score Distribution
Percent of People with Each Score
Percentile by Number Answered
Your Score History
You have not taken this quiz